000 00580nam a2200229Ia 4500
003 OSt
005 20220924151042.0
006 a|||||r|||| 00| 0
007 ta
008 220923b |||||||| |||| 00| 0 tel d
024 _a335832
037 _cTextual
040 _aARTS
_cARTS
_btel
041 _2tel
_atel
082 _a035,3NBA,1, K0
100 _aBalasaraswati Au.
_9223452
245 0 _aHridaya soundaryamu
260 _c1960
650 _aTELUGU FICTION
942 _h035,3NBA,1, K0
_cTEXL
_2CC
999 _c465361
_d465361